|
|
|
|
| LEADER |
00000nam a2200000 a 4500 |
| 001 |
vtls001469381 |
| 003 |
SK-MaSNL |
| 005 |
20260301122000.0 |
| 008 |
251113s2002 au ab 0 eng |
| 015 |
|
|
|a SNBZSA2004-00146
|
| 035 |
|
|
|a SNK000424686
|
| 035 |
|
|
|a urn:nbn:sk:snk-amlujn
|
| 035 |
|
|
|a urn:nbn:sk:snk-am00cbps
|
| 035 |
|
|
|a 52572F74-11E7-4006-BDE0-EB24E16E0D71
|
| 040 |
|
|
|a SNK
|b slo
|c SNK
|e AACR2
|
| 041 |
0 |
|
|a eng
|
| 043 |
|
|
|a et-----
|
| 044 |
|
|
|a au
|c AT
|
| 072 |
|
7 |
|a 316.7
|x Sociológia kultúry. Kultúrny život
|2 konspekt
|
| 080 |
|
|
|a 008(4-11)
|2 1981
|
| 080 |
|
|
|a 008(4-15)
|2 1981
|
| 080 |
|
|
|a (082)
|2 1981
|
| 111 |
2 |
|
|a International Symposium on Cultural Exchange between East and West
|d (2001 :
|c Viedeň, Rakúsko)
|4 aut
|9 256465
|
| 245 |
1 |
|
|a Cultural exchange between East and West
|b Europe's rediscovered wealth - What the accession-candidates in Eastern and Central Europe have to offer : Euro Conference : October 15th-16th, 2001, Vienna
|c [Redaktion: Walter Reichel]
|
| 250 |
|
|
|a [1st ed.]
|
| 260 |
|
|
|a Wien
|b Institut für den Donauraum und Mitteleuropa
|c 2002
|
| 300 |
|
|
|a 114 s.
|b grafy, mp.
|c 30 cm
|
| 490 |
1 |
|
|a Studien des Instituts für den Donauraum und Mitteleuropa : January, 2002 ;
|v Nr. 1
|
| 504 |
|
|
|a Bibliogr. odkazy
|
| 505 |
0 |
|
|a Obsahuje aj: Political culture and values: continuity nad change / Olga Gyarfasova
|
| 650 |
0 |
7 |
|a politická kultúra
|z Európa stredná (časť východná)
|2 SNKPH
|9 466875
|
| 651 |
|
7 |
|a Európa stredná
|2 SNKPH
|9 23970
|
| 651 |
|
7 |
|a Európa západná
|2 SNKPH
|9 162640
|
| 700 |
1 |
|
|a Reichel, Walter
|4 edt
|9 466876
|
| 700 |
1 |
2 |
|a Gyarfášová, Oľga,
|d 1957-
|t Political culture and values: continuity and change
|9 466877
|
| 830 |
|
0 |
|a Studien des Instituts für den Donauraum und Mitteleuropa
|9 466878
|
| 830 |
|
0 |
|a Studien des Instituts für den Donauraum und Mitteleuropa : January, 2002
|9 466879
|
| 958 |
|
|
|a OND
|
| 999 |
|
|
|c 731213
|d 733143
|
| 952 |
|
|
|t P60, <03>, [BOOK], {603}
|a SNK
|b SNK
|y PREZ
|7 0
|p 17A0422196
|o snkSB 68304
|i snkV 543/2004
|g 5.15
|0 0
|1 0
|4 0
|d 2004-02-24
|f 1
|l 0
|r 2025-04-22 00:00:00
|w 2026-02-23
|